Central Library OPAC University of Rajshahi

فرہنگ دیوان فرخی ;; Farang Diwan Farkhi / (Record no. 82733)

MARC details
000 -LEADER
fixed length control field 00489naa a2200157 a 4500
003 - CONTROL NUMBER IDENTIFIER
rucl marc code BD-RjUL
005 - DATE AND TIME OF LATEST TRANSACTION
control field 20240123104731.0
008 - FIXED-LENGTH DATA ELEMENTS--GENERAL INFORMATION
fixed length control field 240123s1937 p ||||| |||| 00| 0 urd d
035 ## - SYSTEM CONTROL NUMBER
System control number (BD-RjUL)
040 ## - CATALOGING SOURCE
Original cataloging agency BD-RjUL
Language of cataloging eng
Transcribing agency BD-RjUL
041 ## - LANGUAGE CODE
Language code of text/sound track or separate title eng
245 10 - TITLE STATEMENT
Title فرہنگ دیوان فرخی ;; Farang Diwan Farkhi /
Statement of responsibility, etc. سيد اولاد حسين شادن ;; Sayed Awlad Hussein Shaden
260 ## - PUBLICATION, DISTRIBUTION, ETC. (IMPRINT)
Place of publication, distribution, etc. Lahore :
Name of publisher, distributor, etc. Saikh Mubarak ali,
Date of publication, distribution, etc. 1937
300 ## - PHYSICAL DESCRIPTION
Pagination 92 p. ;
Size 18 cm
942 ## - ADDED ENTRY ELEMENTS (KOHA)
Source of classification or shelving scheme Dewey Decimal Classification
Koha item type Books
Holdings
Lost status Source of classification or shelving scheme Damaged status Not for loan Collection code Permanent Location Current Location Shelving location Date acquired Source of acquisition Total Checkouts Full call number Date last seen Copy number Koha item type
  Dewey Decimal Classification   Not For Loan Non-fiction Central Library, University of Rajshahi Central Library, University of Rajshahi Reading Room 18/05/1967 Sh. Mubarak Ali   F 491.553 SHF 1937 23/01/2024 C-1 Books